| 000 | 00823nam a2200277Ia 4500 | ||
|---|---|---|---|
| 001 | Para_7637 | ||
| 003 | CHAP | ||
| 008 | 220125s1975 xx 000 0 und d | ||
| 010 | _a206531 | ||
| 040 | _cCHAP | ||
| 082 | _aPA 632.72 T7 1975 | ||
| 100 |
_aTrujillo García Pedro _9115404 |
||
| 245 |
_aEl problema de la langosta Schistocerca Paranensis Burn / _c por Pedro Trujillo García |
||
| 250 | _a2 | ||
| 260 |
_aTijuana, Baja California : _b Sociedad de Geografía y Estadística de Baja California |
||
| 300 | _a151 p. | ||
| 650 |
_aLangosta como plaga _964759 |
||
| 650 |
_aSchistocerca paranensis _9103017 |
||
| 901 | _aPA 632.72 T7 1975 | ||
| 902 | _aA | ||
| 905 | _a0000001975 ai 0000000000 00 | ||
| 910 | _a1975 | ||
| 942 | _cPARA | ||
| 942 |
_cPARA _d1 |
||
| 999 |
_c206531 _d206531 |
||